| 000 | 00861nac a22002291u 4500 | ||
|---|---|---|---|
| 010 | _a 2004015326 | ||
| 020 | _a0131148702 | ||
| 082 | 0 | 0 |
_a690.0685 _bWEB |
| 090 |
_c7877 _d7877 |
||
| 100 | _aWeber, Sandra Christen | ||
| 245 | 1 | 0 |
_aScheduling construction projects : _bprinciples and practices / _cSandra Christensen Weber. |
| 260 |
_aUpper Saddle River, N.J. : _bPearson Prentice Hall, _cc2005. |
||
| 300 |
_a333 p. : _bill. ; _c25 cm. |
||
| 500 | _adistributer: Baccah | ||
| 504 | _aIncludes bibliographical references (p. 9) and index. | ||
| 511 | _acatalogued by: wessam | ||
| 650 | 0 |
_aBuilding industry _xManagement. |
|
| 650 | 0 |
_aBuilding _xSuperintendence. |
|
| 650 | 0 | _aProduction scheduling. | |
| 856 | 4 | 1 |
_3Table of contents _uhttp://www.loc.gov/catdir/toc/ecip0419/2004015326.html |
| 942 |
_cNB _k690.0685WEB |
||
| 999 |
_c7877 _d7877 |
||